| 000 | 00883nam a2200265 i 4500 | ||
|---|---|---|---|
| 001 | 12073 | ||
| 003 | ES-MaACL | ||
| 005 | 20250808040849.0 | ||
| 007 | t| | ||
| 008 | 970404m19941996sp a |||| | spa d | ||
| 020 | _a84-206-7994-1 | ||
| 080 | _a7.01 | ||
| 080 | _a7.034.8 | ||
| 100 | 1 |
_aBoime, Albert. _929850 |
|
| 245 | 1 | 0 |
_aHistoria social del arte moderno / _cAlbert Boime ; versión española de Ester Gómez. |
| 260 |
_aMadrid : _bAlianza Editorial, _c1994-1996. |
||
| 300 |
_a2 v. : _bil. ; _c23 cm. |
||
| 490 | 1 |
_aAlianza forma ; _v128, 138 |
|
| 505 | 8 | _aContiene: 1. El arte en la época de la Revolución, 1750-1800 - 2. El arte en la época del bonapartismo, 1800-1815 | |
| 650 | 1 | 4 |
_aArte y sociedad- _yS.XVIII. _9160055 |
| 700 | 1 |
_aGómez, Ester. _957758 |
|
| 830 | 1 | 0 |
_aAlianza forma _v128, 138 _9177869 |
| 852 |
_aES-MaACL _jP-316 |
||
| 999 |
_c12073 _d12073 |
||